Jane's Aircraft upgrades1995-96, 3/e (Record no. 246745)

000 -LEADER
fixed length control field 00204 a2200097 4500
001 - CONTROL NUMBER
control field 11672
090 ## - LOCALLY ASSIGNED LC-TYPE CALL NUMBER (OCLC); LOCAL CALL NUMBER (RLIN)
-- 8983
-- 8983
100 ## - MAIN ENTRY--PERSONAL NAME
Personal name Jane's
245 ## - TITLE STATEMENT
Title Jane's Aircraft upgrades1995-96, 3/e
260 ## - PUBLICATION, DISTRIBUTION, ETC.
Place of publication, distribution, etc. uk
Name of publisher, distributor, etc. Janes
Date of publication, distribution, etc. 1995
942 ## - ADDED ENTRY ELEMENTS (KOHA)
Institution code [OBSOLETE] NUST-CAE
Holdings
Withdrawn status Lost status Damaged status Not for loan Collection code Permanent Location Current Location Date acquired Total Checkouts Barcode Date last seen Price effective from Koha item type
          College of Aeronautical Engineering (CAE) College of Aeronautical Engineering (CAE) 04/03/2017   CAE66311 04/05/2017 04/05/2017 Book
© 2023 Central Library, National University of Sciences and Technology. All Rights Reserved.